000 00551cam a2200169 4500500
005 20260405004118.0
041 _afre
042 _adc
100 1 0 _aGarcia, Manon
_eauthor
245 0 0 _aManon Garcia : kantifier le sexe
260 _c2024.
500 _a3
690 _aKant
690 _aManon Garcia
786 0 _nPhilosophie magazine - Hors séries | Hors série - Hiver 2024 | HS60 | 2024-01-01 | p. 38-39 | 2104-9246
856 4 1 _uhttps://shs.cairn.info/magazine-philosophie-magazine-2024-hs60-page-38?lang=fr&redirect-ssocas=7080
999 _c2073823
_d2073823